000 00604nam a22001937a 4500
999 _c1340
_d1340
003 AR-CdUCM
008 190226b ||||| |||| 00| 0 spa d
040 _aMUNICIPALIDAD PROVINCIAL DEL CUSCO
_cBIBLIOTECA MUNICIPAL DEL CUSCO
082 _a869.56 /
_bC29
100 _aCarrasco, Lawrence
_95142
245 _aCarmina prima :
_bpan con pescao /
260 _aLima :
_bLluvia Editores,
_c1994.
300 _a69 páginas ;
_bilustraciones,
_c21 cm.
650 _aLiteratura peruana
_9169
650 _aPoesías peruanas
_91481
650 _aPoesías siglo XX
_93861
942 _2ddc
_cLIBROS
945 _azta